| 000 | 00548nam a22001937a 4500 | ||
|---|---|---|---|
| 003 | koha_MIRAKIL | ||
| 005 | 20231213100032.0 | ||
| 008 | 231213b |||||||| |||| 00| 0 ||| d | ||
| 020 | _b978-6-05-543004-7 | ||
| 040 |
_aTR-IsEVY _btur _cTR-IsEVY |
||
| 082 | _a822.33 SHA/J | ||
| 100 | _aShakespeare, William, 1564-1616. | ||
| 245 | 0 | _aJulius Ceaesar & Antonius ve Kleopatra | |
| 260 |
_bİtalik Kitaplar, _c2014 |
||
| 300 | _a312 s. | ||
| 650 | _aGenerals -- Rome -- Drama. | ||
| 650 | _aHeads of state -- Rome -- Drama. | ||
| 942 |
_2ddc _cBK |
||
| 999 |
_c13460 _d13460 |
||